000
00222nam a22000857a 4500
008
170527b xxu||||| |||| 00| 0 eng d
100
_9
3134
_a
V. Thomas
245
_a
30 LA Fontain Fables
260
_a
Bombay
_b
Belter Your Self
_c
1985
999
_c
6426
_d
6426